000 00311nam a2200133Ia 4500
005 20251222143154.0
008 251222s9999||||xx |||||||||||||| ||spa||
020 _a978-1-4058-7675-9
082 _a818.5/G82
100 _aGroom, Winston
245 0 _aForrest Gump
264 _bPearson Education
942 _cLIB
999 _c12799
_d12799